<?xml version="1.0" encoding="UTF-8"?>
<record
    xmlns:xsi="http://www.w3.org/2001/XMLSchema-instance"
    xsi:schemaLocation="http://www.loc.gov/MARC21/slim http://www.loc.gov/standards/marcxml/schema/MARC21slim.xsd"
    xmlns="http://www.loc.gov/MARC21/slim">

  <leader>01061nam0a2200289   4500</leader>
  <controlfield tag="001">RU\NLR\ONL1\2641</controlfield>
  <controlfield tag="005">20250613113852.0</controlfield>
  <datafield tag="035" ind1=" " ind2=" ">
    <subfield code="a">(NLR Aleph) 009631394</subfield>
  </datafield>
  <datafield tag="090" ind1=" " ind2=" ">
    <subfield code="a">9495828</subfield>
    <subfield code="c">9495828</subfield>
  </datafield>
  <datafield tag="100" ind1=" " ind2=" ">
    <subfield code="a">20040226d1935    |||y0rusy50      ca</subfield>
  </datafield>
  <datafield tag="101" ind1="0" ind2=" ">
    <subfield code="a">chm</subfield>
  </datafield>
  <datafield tag="102" ind1=" " ind2=" ">
    <subfield code="a">RU</subfield>
  </datafield>
  <datafield tag="105" ind1=" " ind2=" ">
    <subfield code="a">a |||||||||</subfield>
  </datafield>
  <datafield tag="200" ind1="1" ind2=" ">
    <subfield code="a">&#x419;&#x430;&#x43B;&#x43B;&#x430;&#x448;&#x442;&#x44D; &#x434;&#x430; &#x43A;&#x43E;&#x43B;&#x445;&#x43E;&#x437;&#x43B;&#x430;&#x448;&#x442;&#x44D; &#x441;&#x430;&#x439; &#x43A;&#x43E;&#x440;&#x43D;&#x44B;&#x43C; &#x43A;&#x443;&#x437;&#x44D; &#x44B;&#x448;&#x442;&#x44B;&#x43C;&#x430;&#x448;</subfield>
    <subfield code="f">&#x414;&#x44D;&#x432;&#x44C;&#x430;&#x442;&#x43A;&#x438;&#x43D; &#x421;. &#x410;.</subfield>
  </datafield>
  <datafield tag="205" ind1=" " ind2=" ">
    <subfield code="a">2-&#x448;&#x43E; &#x438;&#x437;&#x434;.</subfield>
    <subfield code="b">&#x442;&#xF6;&#x440;&#x43B;&#x430;&#x442;&#x44B;&#x43C;&#x435;</subfield>
    <subfield code="f">&#x418;&#x43D;&#x436;&#x435;&#x43D;&#x435;&#x440; &#x410;. &#x421;. &#x420;&#x430;&#x431;&#x438;&#x43D;&#x43E;&#x432;&#x438;&#x447; &#x440;&#x44D;&#x434;.</subfield>
  </datafield>
  <datafield tag="210" ind1=" " ind2=" ">
    <subfield code="a">&#x41C;.</subfield>
    <subfield code="a">&#x41B;.</subfield>
    <subfield code="c">&#x413;&#x43E;&#x441;&#x442;&#x440;&#x430;&#x43D;&#x441;&#x438;&#x437;&#x434;&#x430;&#x442;</subfield>
    <subfield code="d">1935</subfield>
  </datafield>
  <datafield tag="215" ind1=" " ind2=" ">
    <subfield code="a">122, [2]&#x441;.</subfield>
    <subfield code="c">&#x438;&#x43B;.</subfield>
    <subfield code="d">19</subfield>
  </datafield>
  <datafield tag="541" ind1="1" ind2=" ">
    <subfield code="a">&#x41A;&#x430;&#x43A; &#x432; &#x441;&#x435;&#x43B;&#x435;, &#x432; &#x43A;&#x43E;&#x43B;&#x445;&#x43E;&#x437;&#x435; &#x43F;&#x43E;&#x441;&#x442;&#x440;&#x43E;&#x438;&#x442;&#x44C; &#x43F;&#x440;&#x43E;&#x435;&#x437;&#x436;&#x443;&#x44E; &#x434;&#x43E;&#x440;&#x43E;&#x433;&#x443;</subfield>
    <subfield code="z">rus</subfield>
  </datafield>
  <datafield tag="606" ind1="0" ind2=" ">
    <subfield code="a">&#x414;&#x43E;&#x440;&#x43E;&#x436;&#x43D;&#x43E;&#x435; &#x441;&#x442;&#x440;&#x43E;&#x438;&#x442;&#x435;&#x43B;&#x44C;&#x441;&#x442;&#x432;&#x43E;</subfield>
    <subfield code="9">892895</subfield>
    <subfield code="3">RU\NLR\auth\662977</subfield>
  </datafield>
  <datafield tag="686" ind1="1" ind2=" ">
    <subfield code="a">&#x41E;311.13</subfield>
  </datafield>
  <datafield tag="700" ind1=" " ind2="1">
    <subfield code="a">&#x414;&#x435;&#x432;&#x44F;&#x442;&#x43A;&#x438;&#x43D;</subfield>
    <subfield code="b">&#x421;. &#x410;.</subfield>
    <subfield code="4">070</subfield>
  </datafield>
  <datafield tag="801" ind1=" " ind2="0">
    <subfield code="a">RU</subfield>
    <subfield code="b">NLR</subfield>
    <subfield code="c">20040226</subfield>
    <subfield code="g">PSBO</subfield>
  </datafield>
  <datafield tag="852" ind1=" " ind2=" ">
    <subfield code="a">NLR</subfield>
    <subfield code="b">&#x41E;&#x41D;&#x41B;</subfield>
    <subfield code="j">&#x41C;&#x430;&#x440;.&#x43B;./2-664</subfield>
  </datafield>
  <datafield tag="942" ind1=" " ind2=" ">
    <subfield code="c">BOOK</subfield>
  </datafield>
  <datafield tag="980" ind1=" " ind2=" ">
    <subfield code="a">NB</subfield>
  </datafield>
  <datafield tag="995" ind1=" " ind2=" ">
    <subfield code="5">2013-10-26</subfield>
    <subfield code="b">NLR01</subfield>
    <subfield code="c">NLR01</subfield>
    <subfield code="e">ONL</subfield>
    <subfield code="f">1-2414864</subfield>
    <subfield code="k">&#x41C;&#x430;&#x440;.&#x43B;./2-664</subfield>
    <subfield code="o">0</subfield>
    <subfield code="r">BOOK</subfield>
    <subfield code="s">2664_</subfield>
  </datafield>
</record>
